Drapeaux ayant le moins de la même couleur - Sans Drapeaux - Statistiques

Statistiques générales
  • Ce quiz a été pris 43 fois
  • Le résultat moyen est 7 sur 20
Statistiques - réponses
Couleur Pourcentage Pays % Correct
Rouge/Jaune/Vert/Bleu 25.0 % Île Maurice
71%
Jaune 21.7 % République Centrafricaine
68%
Vert 31.3 % Afrique du Sud
62%
Jaune/Bleu 21.9 % Comores
41%
Rouge/Vert/Blanc/Noir 25.0 % Émirats arabes unis
38%
Noir 30.1 % Kenya
35%
Rouge/Vert 29.2 % Koweït
35%
Jaune 28.5 % Mozambique
35%
Vert 26.6 % Zimbabwe
35%
Vert/Noir 27.8 % Jordanie
32%
Rouge/Noir 29.6 % Soudan
32%
Noir 29.8 % Tanzanie
32%
Rouge/Vert 30.0 % Éthiopie
29%
Vert/Noir 26.0 % Soudan du Sud
26%
Blanc 32.9 % Ouzbékistan
21%
Rouge/Vert 30.9 % Guinée équatoriale
18%
Noir 29.8 % Saint-Christophe-et-Niévès
18%
Rouge/Vert 31.5 % Vanuatu
18%
Vert 31.9 % Namibie
15%
Jaune 32.7 % Birmanie
9%
Aucun quiz correspondant
Distribution des résultats
% des personnes avec chaque résultat
Percentile par nombre de réponses
Votre historique - résultats
Vous n’avez pas pris ce quiz